[Event "16th Baltic Pearl Open"]
[Site "Lazy"]
[Date "2020.07.05"]
[Round "7.4"]
[White "Rudzinska, Michalina"]
[Black "Kubicka, Anna"]
[Result "0-1"]
[WhiteElo "2080"]
[BlackElo "2256"]
[Annotator "TA"]
[PlyCount "112"]
[EventDate "2020.06.28"]
[EventType "swiss"]
[EventCountry "POL"]
[SourceTitle "playchess.com"]
[Source "ChessBase"]
[SourceQuality "1"]

{[%evp 16,112,40,27,39,38,49,32,33,33,73,74,101,92,97,95,93,101,251,239,235,135,142,149,129,85,85,93,81,62,102,37,85,85,81,60,71,83,107,84,123,123,123,123,123,123,123,20,20,20,20,20,20,0,19,0,0,0,0,0,0,0,0,0,0,0,0,0,0,-374,0,0,0,0,0,-187,-183,-165,-157,-1149,-1112,-29959,-29960,-29954,-29957,-1760,-2172,-1862,-1684,-29967,-29960,-29965,-29966,-29966,-29965,-12849,-4631,-29980,-29981]} 1. e4 e5 2. Nf3 Nc6 3. Bb5 a6 4. Ba4 Nf6 5. d3 b5 6. Bb3 Be7 7. O-O O-O 8. Re1 Bb7 9. Nc3 h6 {C88: Closed Ruy Lopez: Anti-Marshall Systems.} 10. Nd5 Re8 {[#]} 11. Nxe7+ $146 ({Predecessor:} 11. c3 Bd6 12. a4 Na5 13. Ba2 Nxd5 14. exd5 c5 15. dxc6 Bxc6 16. b4 Nb7 17. Bb3 Bc7 18. axb5 axb5 19. Rxa8 Qxa8 20. c4 Nd8 21. cxb5 Bxb5 22. Nd4 Qa6 23. Nxb5 Qxb5 {½-½ (23) Gross,M (2203)-Thew,B (2115) ICCF email 2017}) 11... Qxe7 {White is slightly better.} 12. c3 Na5 13. Bc2 c5 {[#]} 14. Nh4 $1 d5 15. Nf5 Qe6 16. Qf3 {Threatens to win with Bxh6!} c4 {[#]} (16... h5 $16 {keeps fighting.}) 17. Bxh6 $1 $18 {[%mdl 512]} cxd3 {[%cal Rd5e4]} (17... gxh6 18. Qg3+) 18. Nxg7 (18. Bxg7 $18 dxe4 19. Qh3) 18... dxe4 $16 19. Qg3 Qg4 20. Nxe8 Rxe8 21. Bb3 Qxg3 22. hxg3 Rc8 23. Bd2 (23. f3 $16) 23... Nd7 24. Be3 Kg7 25. Rf1 Nf6 26. f3 Nd5 27. Rae1 Nxb3 28. axb3 Nxe3 29. Rxe3 {[%mdl 4096] Endgame KRR-KRB} f5 30. Kf2 f4 31. gxf4 (31. Rxe4 $16 Bxe4 32. fxe4) 31... exf4 $11 32. Rxe4 Bxe4 33. fxe4 $16 {KR-KR} Kf6 34. Ra1 Ra8 35. Ke1 Ke5 36. Kd2 Rg8 37. Kxd3 Rg3+ 38. Ke2 Rxg2+ 39. Kf3 Rg3+ 40. Kf2 Rg6 41. Kf3 Rd6 42. Kg4 $2 {[%mdl 8192]} (42. b4 $11) 42... Rg6+ $2 (42... Rd3 $19 {And now ...Rg3+ would win.} 43. Kh4 Rd2 44. Rxa6 Kxe4) 43. Kf3 $11 Rh6 44. b4 Rg6 45. c4 $2 (45. Ra5 $11 {and White has nothing to worry.}) 45... Rg3+ $19 46. Kf2 bxc4 {...Rb3 is the strong threat.} 47. Rxa6 $2 (47. Rc1 $17) 47... Rb3 {[%mdl 64] Double Attack} 48. Ra8 Rxb2+ 49. Kf3 Rb3+ 50. Kg4 Rg3+ 51. Kh4 Kxe4 52. Re8+ Kd4 53. Rd8+ Kc3 54. b5 Rg6 55. Rc8 f3 56. Rc6 {[#]} f2 $1 {[%mdl 512] Black used his chance. Accuracy: White = 63%, Black = 77%.} 0-1

[Event "16th Baltic Pearl Open"]
[Site "Lazy"]
[Date "2020.07.05"]
[Round "8.1"]
[White "Kosakowski, Jakub"]
[Black "Mis, Mieszko"]
[Result "1/2-1/2"]
[WhiteElo "2416"]
[BlackElo "2332"]
[Annotator "ChessBase"]
[PlyCount "52"]
[EventDate "2020.06.28"]
[EventType "swiss"]
[EventCountry "POL"]
[SourceTitle "playchess.com"]
[Source "ChessBase"]
[SourceQuality "1"]
[TimeControl "5400+30"]

1. e4 {[%emt 0:00:00]} d6 {[%emt 0:00:00]} 2. d4 {[%emt 0:00:02]} Nf6 {[%emt 0:00:00]} 3. Nc3 {[%emt 0:00:08]} e5 {[%emt 0:00:00]} 4. Nf3 {[%emt 0:00:34]} Nbd7 {[%emt 0:00:27]} 5. Bc4 {[%emt 0:01:35]} Be7 {[%emt 0:00:00]} 6. a4 {[%emt 0:00:09]} O-O {[%emt 0:00:14]} 7. O-O {[%emt 0:00:09]} a5 {[%emt 0:01:18]} 8. Re1 {[%emt 0:01:20]} c6 {[%emt 0:00:10]} 9. Ba2 {[%emt 0:00:40]} h6 {[%emt 0:00:05]} 10. h3 {[%emt 0:00:17]} Re8 {[%emt 0:00:43]} 11. Be3 {[%emt 0:03:30]} exd4 {[%emt 0:00:22]} 12. Bxd4 {[%emt 0:04:26]} Nf8 {[%emt 0:05:32]} 13. Qd3 {[%emt 0:06:40]} Be6 {[%emt 0:10:32]} 14. Bxe6 {[%emt 0:10:15]} Nxe6 {[%emt 0:00:13]} 15. Rad1 {[%emt 0:00:12]} Bf8 {[%emt 0:08:43]} 16. Qc4 {[%emt 0:06:19]} Nd7 {[%emt 0:04:34]} 17. Be3 {[%emt 0:01:05]} Qf6 {[%emt 0:03:41]} 18. Nh2 {[%emt 0:03:48]} Nec5 {[%emt 0:03:50]} 19. b3 {[%emt 0:19:38]} Qg6 {[%emt 0:05:42]} 20. Bxc5 {[%emt 0:06:23]} Nxc5 {[%emt 0:00:25]} 21. Re2 {[%emt 0:00:09]} Rad8 {[%emt 0:16:02]} 22. Nf1 {[%emt 0:03:48]} Qf6 {[%emt 0:02:05]} 23. Ne3 {[%emt 0:05:13]} g6 {[%emt 0:06:55]} 24. f4 {[%emt 0:03:00]} Bg7 {[%emt 0:06:16]} 25. e5 {[%emt 0:01:59]} Qe6 {[%emt 0:06:33]} 26. Red2 {[%emt 0:02:28]} Bf8 {[%emt 0:03:27]} 1/2-1/2

[Event "16th Baltic Pearl Open"]
[Site "Lazy"]
[Date "2020.07.05"]
[Round "8.2"]
[White "Kozak, Antoni"]
[Black "Szpar, Milosz"]
[Result "1/2-1/2"]
[WhiteElo "2339"]
[BlackElo "2343"]
[Annotator "TA"]
[PlyCount "52"]
[EventDate "2020.06.28"]
[EventType "swiss"]
[EventCountry "POL"]
[SourceTitle "playchess.com"]
[Source "ChessBase"]
[SourceQuality "1"]

{[%evp 23,52,0,0,0,7,0,0,0,0,0,0,0,6,12,11,7,11,8,7,8,12,0,4,0,8,0,0,0,2,0,0]} 1. d4 Nf6 2. c4 e6 3. g3 Bb4+ 4. Bd2 Be7 5. Bg2 d5 6. Nf3 O-O 7. O-O c6 8. Qc2 Nbd7 9. Bf4 Nh5 10. Bc1 Nhf6 11. Bf4 b6 12. cxd5 {12.Nc3 is the modern continuation.} cxd5 {The position is equal.} 13. Rc1 {E08: Closed Catalan: Main Line: 7 Qc2.} Bb7 14. Qb3 Rc8 15. Rxc8 Qxc8 16. Nc3 Bc6 17. Rc1 Qb7 18. Nb5 Bxb5 19. Qxb5 {Hoping for Rc7.} Rc8 20. Rxc8+ Qxc8 21. Ne1 Ne4 22. f3 Nd6 23. Qd3 {[#]} h5 $146 ({Predecessor:} 23... Qc6 24. Qc2 Nb8 25. e4 Qd7 26. Qd3 g6 27. Bh3 Qc6 28. Nc2 g5 29. Bxd6 Qxd6 30. Bf1 Nc6 31. e5 Qd7 32. Qe3 Na5 33. b3 Qc8 34. Bd3 Kg7 35. Qd2 f5 36. Kg2 {½-½ (34) Muck,C (2563)-Mooij,W (2520) ICCF email 2010}) 24. Qc2 Qxc2 25. Nxc2 g5 26. Bxd6 Bxd6 {A rather calm draw. Accuracy: White = 100%, Black = 100%.} 1/2-1/2

[Event "16th Baltic Pearl Open"]
[Site "Lazy"]
[Date "2020.07.05"]
[Round "8.3"]
[White "Kubicka, Anna"]
[Black "Czernek, Tymon"]
[Result "0-1"]
[WhiteElo "2256"]
[BlackElo "2199"]
[Annotator "ChessBase"]
[PlyCount "120"]
[EventDate "2020.06.28"]
[EventType "swiss"]
[EventCountry "POL"]
[SourceTitle "playchess.com"]
[Source "ChessBase"]
[SourceQuality "1"]
[TimeControl "5400+30"]

1. e4 {[%emt 1:30:30]} c5 {[%emt 1:30:30]} 2. Nf3 {[%emt 0:00:30]} Nc6 {[%emt 0:00:30]} 3. Bb5 {[%emt 0:00:30]} g6 {[%emt 0:00:30]} 4. Bxc6 {[%emt 0:00:30]} dxc6 {[%emt 0:00:30]} 5. O-O {[%emt 0:00:30]} Bg7 {[%emt 0:00:30]} 6. d3 {[%emt 0:00:30]} Nf6 {[%emt 0:00:30]} 7. Re1 {[%emt 0:00:30]} O-O {[%emt 0:00:30]} 8. h3 {[%emt 0:00:30]} Re8 {[%emt 0:00:30]} 9. e5 {[%emt 0:00:30]} Nd5 {[%emt 0:00:30]} 10. Nbd2 {[%emt 0:00:30]} f6 {[%emt 0:00:30]} 11. Ne4 {[%emt 0:00:30]} b6 {[%emt 0:00:30]} 12. Ng3 {[%emt 0:00:30]} fxe5 {[%emt 0:00:30]} 13. Nxe5 {[%emt 0:00:30]} Qc7 {[%emt 0:00:30]} 14. Qe2 {[%emt 0:00:30]} Rf8 {[%emt 0:00:30]} 15. Qe4 {[%emt 0:00:30]} Kh8 {[%emt 0:00:30]} 16. c4 {[%emt 0:00:30]} Nb4 {[%emt 0:00:30]} 17. Nxg6+ {[%emt 0:00:30]} hxg6 {[%emt 0:00:30]} 18. Qh4+ {[%emt 0:00:30]} Kg8 {[%emt 0:00:30]} 19. Rxe7 {[%emt 0:00:30]} Qd8 {[%emt 0:00:30]} 20. Rxg7+ {[%emt 0:00:30]} Kxg7 {[%emt 0:00:30]} 21. Qh6+ {[%emt 0:00:30]} Kf7 {[%emt 0:00:30]} 22. Qh7+ {[%emt 0:00:30]} Ke8 {[%emt 0:00:30]} 23. Bh6 {[%emt 0:00:30]} Qe7 {[%emt 0:00:30]} 24. Qxg6+ {[%emt 0:00:30]} Qf7 {[%emt 0:00:30]} 25. Qe4+ {[%emt 0:00:30]} Kd7 {[%emt 0:00:30]} 26. Bxf8 {[%emt 0:00:30]} Qxf8 {[%emt 0:00:30]} 27. Re1 {[%emt 0:00:30]} Kc7 {[%emt 0:00:30]} 28. Qe5+ {[%emt 0:00:30]} Qd6 {[%emt 0:00:30]} 29. Qg7+ {[%emt 0:00:30]} Bd7 {[%emt 0:00:30]} 30. Ne4 {[%emt 0:00:30]} Qd4 {[%emt 0:00:30]} 31. Qg3+ {[%emt 0:00:30]} Kb7 {[%emt 0:00:30]} 32. a3 {[%emt 0:00:30]} Nc2 {[%emt 0:00:30]} 33. Re2 {[%emt 0:00:30]} Qxb2 {[%emt 0:00:30]} 34. Nd6+ {[%emt 0:00:30]} Ka6 {[%emt 0:00:30]} 35. Re7 {[%emt 0:00:30]} Nd4 {[%emt 0:00:30]} 36. Kh2 {[%emt 0:00:30]} Rd8 {[%emt 0:00:30]} 37. Qf4 {[%emt 0:00:30]} Ne6 {[%emt 0:00:30]} 38. Qe3 {[%emt 0:00:30]} Qf6 {[%emt 0:00:30]} 39. Rf7 {[%emt 0:00:30]} Qd4 {[%emt 0:00:30]} 40. Qxd4 {[%emt 0:00:30]} cxd4 {[%emt 0:00:30]} 41. Re7 {[%emt 0:00:30]} Nc5 {[%emt 0:00:30]} 42. f4 {[%emt 0:00:30]} Rf8 {[%emt 0:00:30]} 43. g3 {[%emt 0:00:30]} Bf5 {[%emt 0:00:30]} 44. Nxf5 {[%emt 0:00:30]} Rxf5 45. Re5 {[%emt 0:00:30]} Rf8 {[%emt 0:01:00]} 46. h4 {[%emt 0:00:30]} Nxd3 {[%emt 0:00:30]} 47. Re6 {[%emt 0:00:30]} Rd8 {[%emt 0:00:30]} 48. h5 {[%emt 0:00:30]} Nb2 {[%emt 0:00:30]} 49. Re2 {[%emt 0:00:30]} Nxc4 {[%emt 0:00:30]} 50. g4 {[%emt 0:00:30]} d3 {[%emt 0:00:30]} 51. Re1 {[%emt 0:00:30]} Ne3 {[%emt 0:00:30]} 52. g5 {[%emt 0:00:30]} d2 {[%emt 0:00:30]} 53. Ra1 {[%emt 0:00:30]} c5 {[%emt 0:00:30]} 54. h6 {[%emt 0:00:30]} c4 {[%emt 0:00:30]} 55. h7 {[%emt 0:00:30]} c3 {[%emt 0:00:30]} 56. g6 {[%emt 0:00:30]} Nf5 {[%emt 0:00:30]} 57. Rd1 {[%emt 0:00:30]} c2 {[%emt 0:00:30]} 58. Rxd2 {[%emt 0:00:30]} Rxd2+ {[%emt 0:00:30]} 59. Kh3 {[%emt 0:00:30]} c1=Q {[%emt 0:00:30]} 60. Kg4 {[%emt 0:00:30]} Qc8 {[%emt 0:00:30]} 0-1

[Event "16th Baltic Pearl Open"]
[Site "Lazy"]
[Date "2020.07.05"]
[Round "8.4"]
[White "Luch, Michal"]
[Black "Mielczarski, Miroslaw"]
[Result "1/2-1/2"]
[WhiteElo "2409"]
[BlackElo "2156"]
[Annotator "ChessBase"]
[PlyCount "69"]
[EventDate "2020.06.28"]
[EventType "swiss"]
[EventCountry "POL"]
[SourceTitle "playchess.com"]
[Source "ChessBase"]
[SourceQuality "1"]
[TimeControl "5400+30"]

1. d4 {[%emt 1:30:30]} d5 {[%emt 1:30:30]} 2. c4 {[%emt 0:00:30]} c6 {[%emt 0:00:30]} 3. Nf3 {[%emt 0:00:30]} Nf6 {[%emt 0:00:30]} 4. e3 {[%emt 0:00:30]} Bf5 {[%emt 0:00:30]} 5. Nc3 {[%emt 0:00:30]} e6 {[%emt 0:00:30]} 6. Nh4 {[%emt 0:00:30]} Bg6 {[%emt 0:00:30]} 7. Nxg6 {[%emt 0:00:30]} hxg6 {[%emt 0:00:30]} 8. Bd2 {[%emt 0:00:30]} Bd6 {[%emt 0:00:30]} 9. Qb3 {[%emt 0:00:30]} b6 {[%emt 0:00:30]} 10. g3 {[%emt 0:00:30]} Nbd7 {[%emt 0:00:30]} 11. Bg2 {[%emt 0:00:30]} Rc8 {[%emt 0:00:30]} 12. cxd5 {[%emt 0:00:30]} exd5 {[%emt 0:00:30]} 13. Rc1 {[%emt 0:00:30]} O-O {[%emt 0:00:30]} 14. O-O {[%emt 0:00:30]} Re8 {[%emt 0:00:30]} 15. Rc2 {[%emt 0:00:30]} Nf8 {[%emt 0:00:30]} 16. Rfc1 {[%emt 0:00:30]} Qd7 {[%emt 0:00:30]} 17. Ne2 {[%emt 0:00:30]} g5 {[%emt 0:00:30]} 18. Bb4 {[%emt 0:00:30]} Rc7 {[%emt 0:00:30]} 19. Bxd6 {[%emt 0:00:30]} Qxd6 {[%emt 0:00:30]} 20. Rd1 {[%emt 0:00:30]} g6 {[%emt 0:00:30]} 21. Nc1 {[%emt 0:00:30]} Kg7 {[%emt 0:00:30]} 22. Nd3 {[%emt 0:00:30]} Ne6 {[%emt 0:00:30]} 23. Qb4 {[%emt 0:00:30]} c5 {[%emt 0:00:30]} 24. Qa3 {[%emt 0:00:30]} Rd8 {[%emt 0:00:30]} 25. dxc5 {[%emt 0:00:30]} bxc5 {[%emt 0:00:30]} 26. Nc1 {[%emt 0:00:30]} d4 {[%emt 0:00:30]} 27. Nb3 {[%emt 0:00:30]} Qb6 {[%emt 0:00:30]} 28. exd4 {[%emt 0:00:30]} c4 {[%emt 0:00:30]} 29. Nc1 {[%emt 0:00:30]} Nxd4 {[%emt 0:00:30]} 30. Rcd2 {[%emt 0:00:30]} Rcd7 {[%emt 0:00:30]} 31. Qc3 {[%emt 0:00:30]} Nb5 {[%emt 0:00:30]} 32. Qc2 {[%emt 0:00:30]} Nd4 {[%emt 0:00:30]} 33. Qc3 {[%emt 0:00:30]} Nb5 {[%emt 0:00:30]} 34. Qc2 {[%emt 0:00:30]} Nd4 {[%emt 0:00:30]} 35. Bf1 {[%emt 0:00:30]} 1/2-1/2

[Event "16th Baltic Pearl Open"]
[Site "Lazy"]
[Date "2020.07.06"]
[Round "9.1"]
[White "Szpar, Milosz"]
[Black "Kosakowski, Jakub"]
[Result "1/2-1/2"]
[WhiteElo "2343"]
[BlackElo "2416"]
[Annotator "ChessBase"]
[PlyCount "74"]
[EventDate "2020.06.28"]
[EventType "swiss"]
[EventCountry "POL"]
[SourceTitle "playchess.com"]
[Source "ChessBase"]
[SourceQuality "1"]
[TimeControl "5400+30"]

1. e4 {[%emt 0:00:00]} c5 {[%emt 0:00:00]} 2. Nf3 {[%emt 0:00:00]} d6 {[%emt 0:00:06]} 3. d4 {[%emt 0:00:18]} cxd4 {[%emt 0:00:14]} 4. Nxd4 {[%emt 0:00:47]} Nf6 {[%emt 0:00:08]} 5. Nc3 {[%emt 0:00:05]} a6 {[%emt 0:00:06]} 6. Bg5 {[%emt 0:00:13]} e6 {[%emt 0:00:25]} 7. f4 {[%emt 0:00:32]} h6 {[%emt 0:00:09]} 8. Bh4 {[%emt 0:00:09]} Qb6 {[%emt 0:00:09]} 9. Qd2 {[%emt 0:00:25]} Qxb2 {[%emt 0:00:10]} 10. Rb1 {[%emt 0:00:26]} Qa3 {[%emt 0:00:06]} 11. e5 {[%emt 0:00:05]} dxe5 {[%emt 0:00:07]} 12. fxe5 {[%emt 0:00:04]} Nfd7 {[%emt 0:00:05]} 13. Ne4 {[%emt 0:00:29]} Qxa2 {[%emt 0:00:07]} 14. Rd1 {[%emt 0:00:05]} Qd5 {[%emt 0:00:08]} 15. Qe3 {[%emt 0:00:15]} Qxe5 {[%emt 0:00:14]} 16. Be2 {[%emt 0:00:18]} Bc5 {[%emt 0:00:33]} 17. Bg3 {[%emt 0:00:04]} Qd5 {[%emt 0:00:08]} 18. c4 {[%emt 0:00:37]} Bxd4 {[%emt 0:00:08]} 19. Rxd4 {[%emt 0:00:22]} Qa5+ {[%emt 0:00:07]} 20. Rd2 {[%emt 0:00:13]} O-O {[%emt 0:00:11]} 21. Bd6 {[%emt 0:00:53]} f5 {[%emt 0:00:07]} 22. Bxf8 {[%emt 0:01:05]} Nxf8 {[%emt 0:00:07]} 23. Nd6 {[%emt 0:00:24]} Nbd7 {[%emt 0:00:08]} 24. g4 {[%emt 0:02:44]} fxg4 {[%emt 0:00:13]} 25. O-O {[%emt 0:02:26]} Qc5 {[%emt 0:03:40]} 26. Qxc5 {[%emt 0:06:58]} Nxc5 {[%emt 0:00:28]} 27. Bxg4 {[%emt 0:01:32]} Bd7 {[%emt 0:18:13]} 28. Bf3 {[%emt 0:10:27]} Bc6 {[%emt 0:12:10]} 29. Bxc6 {[%emt 0:07:51]} bxc6 {[%emt 0:00:31]} 30. Rb2 {[%emt 0:04:02]} Nfd7 {[%emt 0:14:31]} 31. Nb7 {[%emt 0:07:32]} a5 {[%emt 0:08:06]} 32. Nxc5 {[%emt 0:02:54]} Nxc5 {[%emt 0:00:06]} 33. Rb6 {[%emt 0:01:22]} Rc8 {[%emt 0:06:55]} 34. Kg2 {[%emt 0:07:11]} a4 {[%emt 0:01:01]} 35. Rf3 {[%emt 0:05:24]} Ra8 {[%emt 0:01:29]} 36. Ra3 {[%emt 0:00:59]} Rc8 {[%emt 0:00:08]} 37. Rf3 {[%emt 0:00:25]} Ra8 {[%emt 0:37:16]} 1/2-1/2

[Event "16th Baltic Pearl Open"]
[Site "Lazy"]
[Date "2020.07.06"]
[Round "9.2"]
[White "Czernek, Tymon"]
[Black "Kozak, Antoni"]
[Result "1/2-1/2"]
[WhiteElo "2199"]
[BlackElo "2339"]
[Annotator "TA"]
[PlyCount "44"]
[EventDate "2020.06.28"]
[EventType "swiss"]
[EventCountry "POL"]
[SourceTitle "playchess.com"]
[Source "ChessBase"]
[SourceQuality "1"]

{[%evp 15,44,0,0,0,0,-4,0,-25,-19,-49,-59,-53,-52,-45,-43,-37,-39,-54,-18,-19,-13,-13,-10,-8,-6,-7,-9,-20,6,14,14]} 1. e4 c5 2. Nf3 d6 3. d4 Nf6 4. Nc3 cxd4 5. Nxd4 a6 6. Bc4 e6 7. Bb3 Nbd7 $1 {[%mdl 4] is recently more successful than 7...b5.} 8. O-O Nc5 9. f3 {B86: Sicilian Scheveningen/Najdorf: 6 Bc4, without early ...b5.} Be7 10. Be3 O-O 11. a4 e5 12. Nde2 Nxb3 13. cxb3 Be6 14. Nd5 {[#]} Bxd5 $146 ({Predecessor:} 14... Nxd5 15. exd5 Bf5 16. a5 Rc8 17. Nc3 Bg5 18. Bb6 Qf6 19. Ne4 Qg6 20. Nxg5 Qxg5 21. Rf2 Qg6 22. Qe1 Bc2 23. Qb4 Qd3 24. Qxd6 Bxb3 {½-½ (24) Ladron de Guevara Bravo,P (2052)-Robles Garcia,C (2167) Linares 2007}) 15. exd5 Qa5 16. Nc3 h6 17. Qd3 {The position is equal.} Bd8 18. Kh1 Bb6 19. Bd2 {[#] And now Ne4 would win.} Bd4 20. Ne4 Qd8 21. Bc3 Bxc3 22. Nxf6+ Qxf6 {Accuracy: White = 90%, Black = 84%.} 1/2-1/2

[Event "16th Baltic Pearl Open"]
[Site "Lazy"]
[Date "2020.07.06"]
[Round "9.3"]
[White "Mis, Mieszko"]
[Black "Kopaczewski, Adam"]
[Result "1-0"]
[WhiteElo "2332"]
[BlackElo "2059"]
[Annotator "ChessBase"]
[PlyCount "61"]
[EventDate "2020.06.28"]
[EventType "swiss"]
[EventCountry "POL"]
[SourceTitle "playchess.com"]
[Source "ChessBase"]
[SourceQuality "1"]
[TimeControl "5400+30"]

1. d4 {[%emt 1:30:30]} Nf6 {[%emt 1:30:30]} 2. Nf3 {[%emt 0:00:30]} e6 {[%emt 0:00:30]} 3. c4 {[%emt 0:00:30]} d5 {[%emt 0:00:30]} 4. Nc3 {[%emt 0:00:30]} c6 {[%emt 0:00:30]} 5. cxd5 {[%emt 0:00:30]} exd5 {[%emt 0:00:30]} 6. Bg5 {[%emt 0:00:30]} Be7 {[%emt 0:00:30]} 7. Qc2 {[%emt 0:00:30]} O-O {[%emt 0:00:30]} 8. e3 {[%emt 0:00:30]} Ne4 {[%emt 0:00:30]} 9. Bf4 {[%emt 0:00:30]} Qa5 {[%emt 0:00:30]} 10. Bd3 {[%emt 0:00:30]} f5 {[%emt 0:00:30]} 11. O-O {[%emt 0:00:30]} Nd7 {[%emt 0:00:30]} 12. h3 {[%emt 0:00:30]} Ndf6 {[%emt 0:00:30]} 13. Ne5 {[%emt 0:00:30]} Be6 {[%emt 0:00:30]} 14. f3 {[%emt 0:00:30]} Nd6 {[%emt 0:00:30]} 15. g4 {[%emt 0:00:30]} Nd7 {[%emt 0:00:30]} 16. Ne2 {[%emt 0:00:30]} Qd8 {[%emt 0:00:30]} 17. Ng3 {[%emt 0:00:30]} Qc8 {[%emt 0:00:30]} 18. Kh1 {[%emt 0:00:30]} Nb6 {[%emt 0:00:30]} 19. Rg1 {[%emt 0:00:30]} Kh8 {[%emt 0:00:30]} 20. Qh2 {[%emt 0:00:30]} c5 {[%emt 0:00:30]} 21. Nh5 {[%emt 0:00:30]} c4 {[%emt 0:00:30]} 22. Bc2 {[%emt 0:00:30]} Bf6 {[%emt 0:00:30]} 23. g5 {[%emt 0:00:30]} Bxe5 {[%emt 0:00:30]} 24. Bxe5 {[%emt 0:00:30]} Ne8 {[%emt 0:00:30]} 25. g6 {[%emt 0:00:30]} Nd7 {[%emt 0:00:30]} 26. gxh7 {[%emt 0:00:30]} Rf7 {[%emt 0:00:30]} 27. Qg3 {[%emt 0:00:30]} Nxe5 {[%emt 0:00:30]} 28. dxe5 {[%emt 0:00:30]} Qd8 {[%emt 0:00:30]} 29. Nf4 {[%emt 0:00:30]} Nc7 {[%emt 0:00:30]} 30. Qg6 {[%emt 0:00:30]} Qe7 {[%emt 0:00:30]} 31. Qh5 {[%emt 0:00:30]} 1-0

[Event "16th Baltic Pearl Open"]
[Site "Lazy"]
[Date "2020.07.06"]
[Round "9.4"]
[White "Bilczewski, Kacper"]
[Black "Luch, Michal"]
[Result "0-1"]
[WhiteElo "2128"]
[BlackElo "2409"]
[Annotator "ChessBase"]
[PlyCount "44"]
[EventDate "2020.06.28"]
[EventType "swiss"]
[EventCountry "POL"]
[SourceTitle "playchess.com"]
[Source "ChessBase"]
[SourceQuality "1"]
[TimeControl "5400+30"]

1. e4 {[%emt 1:30:30]} c5 2. c3 {[%emt 0:00:30]} Nf6 {[%emt 1:31:00]} 3. e5 {[%emt 0:00:30]} Nd5 {[%emt 0:00:30]} 4. d4 {[%emt 0:00:30]} cxd4 {[%emt 0:00:30]} 5. cxd4 {[%emt 0:00:30]} d6 {[%emt 0:00:30]} 6. Bc4 {[%emt 0:00:30]} Nb6 {[%emt 0:00:30]} 7. Bb5+ {[%emt 0:00:30]} Bd7 {[%emt 0:00:30]} 8. e6 {[%emt 0:00:30]} fxe6 {[%emt 0:00:30]} 9. Bd3 {[%emt 0:00:30]} g6 {[%emt 0:00:30]} 10. Qg4 {[%emt 0:00:30]} Bg7 {[%emt 0:00:30]} 11. h4 {[%emt 0:00:30]} Nd5 {[%emt 0:00:30]} 12. h5 {[%emt 0:00:30]} Qa5+ {[%emt 0:00:30]} 13. Nd2 {[%emt 0:00:30]} Nf6 {[%emt 0:00:30]} 14. Qf3 {[%emt 0:00:30]} Nxh5 {[%emt 0:00:30]} 15. Qxb7 {[%emt 0:00:30]} Bc6 {[%emt 0:00:30]} 16. Qb3 {[%emt 0:00:30]} Nf4 {[%emt 0:00:30]} 17. Ngf3 {[%emt 0:00:30]} Nxg2+ {[%emt 0:00:30]} 18. Kf1 {[%emt 0:00:30]} Nf4 {[%emt 0:00:30]} 19. Nc4 {[%emt 0:00:30]} Qd5 {[%emt 0:00:30]} 20. Bxf4 {[%emt 0:00:30]} Qxf3 {[%emt 0:00:30]} 21. Rxh7 {[%emt 0:00:30]} Qg2+ {[%emt 0:00:30]} 22. Ke1 Rxh7 {[%emt 0:00:30]} 0-1